Gypsy and traveller sites (Record no. 118308)
[ view plain ]
| 000 -LEADER | |
|---|---|
| fixed length control field | 01169cam a2200229 4500 |
| 001 - CONTROL NUMBER | |
| control field | WB@3612-680 |
| 008 - FIXED-LENGTH DATA ELEMENTS--GENERAL INFORMATION | |
| fixed length control field | 041116n2004 000 0 eng u |
| 035 ## - SYSTEM CONTROL NUMBER | |
| System control number | (Sirsi) u127992 |
| 245 ## - TITLE STATEMENT | |
| Title | Gypsy and traveller sites |
| 260 ## - PUBLICATION, DISTRIBUTION, ETC. | |
| Date of publication, distribution, etc. | 2004 |
| 490 ## - SERIES STATEMENT | |
| Series statement | Planning (for the Natural and Built Environment) |
| Volume/sequential designation | 12 November 2004, 2(1) |
| 520 ## - SUMMARY, ETC. | |
| Summary, etc. | According to "Gypsy and traveller sites", published by the ODPM Commons Select committee, there are more than 3 500 gypsies and travellers that have no legal place to stay. The report is calling for a statutory requirement for local authorities to provide sites for gypsies and travellers. It suggests that a capital grant should be provided to ensure that the authorities have the resources to pinpoint sites and that if more sites were available, the police would be able to move on illegal campers more quickly. View the report at: http://www.publications.parliament.uk/pa/cm/cmodpm .htm. |
| 590 ## - LOCAL NOTE (RLIN) | |
| Local note | WB |
| 590 ## - LOCAL NOTE (RLIN) | |
| Local note | WB |
| 650 ## - SUBJECT ADDED ENTRY--TOPICAL TERM | |
| Topical term or geographic name entry element | GYPSIES |
| 650 ## - SUBJECT ADDED ENTRY--TOPICAL TERM | |
| Topical term or geographic name entry element | TRAVELLERS |
| 650 ## - SUBJECT ADDED ENTRY--TOPICAL TERM | |
| Topical term or geographic name entry element | PLANNING PERMISSION |
| 650 ## - SUBJECT ADDED ENTRY--TOPICAL TERM | |
| Topical term or geographic name entry element | LOCAL AUTHORITIES |
| 650 ## - SUBJECT ADDED ENTRY--TOPICAL TERM | |
| Topical term or geographic name entry element | GYPSY SITES |
| 690 ## - LOCAL SUBJECT ADDED ENTRY--TOPICAL TERM (OCLC, RLIN) | |
| Topical term or geographic name as entry element | PROPERTY AND LAND LAW |
| 942 ## - ADDED ENTRY ELEMENTS (KOHA) | |
| Suppress in OPAC | 0 |
| Withdrawn status | Lost status | Source of classification or shelving scheme | Damaged status | Not for loan | Home library | Current library | Shelving location | Date acquired | Total Checkouts | Full call number | Barcode | Date last seen | Copy number | Price effective from | Koha item type |
|---|---|---|---|---|---|---|---|---|---|---|---|---|---|---|---|
| Dewey Decimal Classification | London | London | News article | 16/11/2004 | WB4044-17 | 127992-1001 | 06/08/2019 | 1 | 06/08/2019 | News article |